[Event "CAN-ch op"]
[Site "Sackville"]
[Date "2001.07.11"]
[Round "6"]
[White "Laforest, Gilles"]
[Black "Taylor, William"]
[Result "0-1"]
[WhiteElo "1488"]
[BlackElo "1953"]
[PlyCount "62"]
[EventDate "2001.07.??"]
[EventType "swiss"]
[EventRounds "10"]
[EventCountry "CAN"]
[SourceTitle "EXT 2006"]
[Source "ChessBase"]
[SourceDate "2005.11.24"]
[SourceVersion "1"]
[SourceVersionDate "2005.11.24"]
[SourceQuality "1"]

1. e4 Nf6 2. e5 Nd5 3. c4 Nb6 4. Nc3 d6 5. d4 dxe5 6. d5 c6 7. h3 cxd5 8. c5 d4 9. Ne4 Nd5 10. Nf3 Nc6 11. Bd2 f5 12. Bb5 Qc7 13. Nh4 g6 14. Ng5 e6 15. b4 Be7 16. Nhf3 h6 17. Qc1 hxg5 18. Bxg5 Bxg5 19. Qxg5 Qg7 20. 0-0 Rh5 21. Qd2 Bd7 22. a3 g5 23. Bxc6 Bxc6 24. Rfe1 g4 25. Nxe5 gxh3 26. g3 h2+ 27. Kh1 Qxe5 28. b5 Ne3+ 29. bxc6 Qe4+ 30. f3 Qxf3+ 31. Qg2 Qxg2# 0-1

[Event "CAN-ch op"]
[Site "Sackville"]
[Date "2001.07.10"]
[Round "5"]
[White "Urquhart, Eddie"]
[Black "Laforest, Gilles"]
[Result "1-0"]
[WhiteElo "2233"]
[BlackElo "1488"]
[PlyCount "45"]
[EventDate "2001.07.??"]
[EventType "swiss"]
[EventRounds "10"]
[EventCountry "CAN"]
[SourceTitle "EXT 2006"]
[Source "ChessBase"]
[SourceDate "2005.11.24"]
[SourceVersion "1"]
[SourceVersionDate "2005.11.24"]
[SourceQuality "1"]

1. e4 e5 2. Nf3 Nf6 3. Nc3 Nc6 4. Nd5 Bc5 5. Bc4 0-0 6. d4 exd4 7. 0-0 Nxe4 8. Re1 Re8 9. Qd3 Nb4 10. Nxb4 Bxb4 11. Rxe4 Be7 12. Bg5 d5 13. Rxe7 dxc4 14. Qxd4 f6 15. Qxc4+ Kh8 16. Rxe8+ Qxe8 17. Re1 Qd7 18. Bf4 c6 19. Qd3 g5 20. Bd6 Qd8 21. Nxg5 fxg5 22. Be5+ Kg8 23. Qxd8+ 1-0